King of My Heart - Taylor Swift Lyrics - Statistics

General Stats
  • This quiz has been taken 17 times
  • The average score is 410 of 448
Answer Stats
Answer % Correct
a
100%
hear
100%
heart
100%
I
100%
king
100%
my
100%
of
100%
ago
93%
all
93%
alone
93%
american
93%
and
93%
are
93%
at
93%
baby
93%
beat
93%
been
93%
bein'
93%
better
93%
body
93%
boys
93%
callin'
93%
'cause
93%
clothes
93%
do
93%
end
93%
endings
93%
expensive
93%
few
93%
fine
93%
for
93%
go
93%
have
93%
I'll
93%
I'm
93%
in
93%
is
93%
let
93%
like
93%
live
93%
made
93%
me
93%
met
93%
mind
93%
move
93%
never
93%
night
93%
now
93%
off
93%
on
93%
once
93%
one
93%
own
93%
perfectly
93%
queen
93%
quite
93%
room
93%
soul
93%
the
93%
their
93%
this
93%
to
93%
took
93%
try
93%
tryin'
93%
up
93%
waitin'
93%
want
93%
we
93%
weeks
93%
where
93%
with
93%
you
93%
your
93%
you're
93%
asleep
87%
beer
87%
cars
87%
change
87%
city's
87%
crush
87%
drinkin'
87%
dying
87%
hoping
87%
idea
87%
inside
87%
jaguars
87%
keep
87%
kingdom
87%
late
87%
lips
87%
love
87%
luxury
87%
mending
87%
nights
87%
out
87%
plastic
87%
priorities
87%
roof
87%
school
87%
secret
87%
spending
87%
taste
87%
these
87%
we're
87%
bones
80%
cups
80%
fancy
80%
girl
80%
motown
80%
range
80%
rovers
80%
rule
80%
say
80%
dreaming
73%
enough
73%
i've
73%
not
73%
stuff
73%
woah
67%
salute
60%
brokern
0%
No matching quizzes found
Score Distribution
Percent of People with Each Score
Percentile by Number Answered
Your Score History
You have not taken this quiz